Chemical engineering plant design (Record no. 18678)

000 -LEADER
fixed length control field 00563nam a22002051 4500
001 - CONTROL NUMBER
control field 18678
003 - CONTROL NUMBER IDENTIFIER
control field BD-DhUET
008 - FIXED-LENGTH DATA ELEMENTS--GENERAL INFORMATION
fixed length control field 840411s1959 nyua 000 0 eng
040 ## - CATALOGING SOURCE
Original cataloging agency DLC/ICU
Transcribing agency ICU
Modifying agency BD-DhUET
082 00 - DEWEY DECIMAL CLASSIFICATION NUMBER
Classification number 660.28
Item number VIL/1959
100 1# - MAIN ENTRY--PERSONAL NAME
Personal name Vilbrandt, Frank C.
245 10 - TITLE STATEMENT
Title Chemical engineering plant design
250 ## - EDITION STATEMENT
Edition statement 4th ed.
260 ## - PUBLICATION, DISTRIBUTION, ETC. (IMPRINT)
Place of publication, distribution, etc. New York
Name of publisher, distributor, etc. McGraw-Hill
Date of publication, distribution, etc. 1959
300 ## - PHYSICAL DESCRIPTION
Extent 534 p.
Other physical details illus.
Dimensions 24 cm.
490 0# - SERIES STATEMENT
Series statement McGraw-Hill series in chemical engineering
650 #0 - SUBJECT ADDED ENTRY--TOPICAL TERM
Topical term or geographic name as entry element Chemical engineering
700 ## - ADDED ENTRY--PERSONAL NAME
Personal name Dryden, Charles E.
942 ## - ADDED ENTRY ELEMENTS (KOHA)
Koha item type General Book
Holdings
Koha date last seen Price effective from Piece designation (barcode) Sublocation or collection (holding branch) Koha item type Damaged status Source of classification or shelving scheme Koha full call number Lost status Location (home branch) Withdrawn status Shelving location Copy number Koha normalized classification for sorting Not for loan Date acquired
2015-03-312015-03-3116370Central Library, BUETGeneral Book  660.28/VIL/1959 Central Library, BUET Circulation section1660_280000000000000_VIL_1959 2015-03-31
2015-03-312015-03-3124467Central Library, BUETGeneral Book  660.28/VIL/1959 Central Library, BUET Circulation section2660_280000000000000_VIL_1959 2015-03-31
2015-03-312015-03-3124468Central Library, BUETContented Book   660.28/VIL/1959 Central Library, BUET Circulation section3660_280000000000000_VIL_1959 2015-03-31
2015-03-312015-03-3116369Central Library, BUETGeneral Book  660.28/VIL/1959 Central Library, BUET Circulation section4660_280000000000000_VIL_1959 2015-03-31
2015-05-142015-05-141060Central Library, BUETGeneral Book  660.28/VIL/1959 Central Library, BUET Circulation section5660_280000000000000_VIL_1959 2015-05-14
2015-05-142015-05-1411229Central Library, BUETGeneral Book  660.28/VIL/1959 Central Library, BUET Circulation section6660_280000000000000_VIL_1959 2015-05-14
2015-06-182015-06-1811231Central Library, BUETReading Item  660.28/VIL/1959 Central Library, BUET Reading section7660_280000000000000_VIL_1959 2015-06-18